| LEADER |
01005nam0a2200205 450 |
| 001 |
16839740 |
| 010 |
|
|
|a 978-2-8203-4311-6
|b br.
|d 6,99
|
| 100 |
|
|
|a 20220706d2022 u u0frey01 ba
|
| 101 |
0 |
|
|a fre
|
| 102 |
|
|
|a FR
|
| 200 |
0 |
|
|a Kaiju n°8
|
| 207 |
|
1 |
|a
|
| 210 |
|
|
|a Paris
|c Kazé
|d 2022
|
| 215 |
|
|
|a 1 vol. (192 p.)
|d 18 cm
|
| 330 |
|
|
|a Démasqué et capturé par les Forces de Défense, qui le considèrent comme une menace, Kafka se trouve face au directeur Isao Shinomiya, venu en personne procéder à son exécution. Luttant sans relâche pour prouver sa nature d'être humain, Kafka perd malheureusement la maîtrise de son pouvoir face à la puissance du Kaiju nÊ 2. Parviendra-t-il à ramener le nÊ 8 sous contrôle avant qu'il soit trop tard ?!
|
| 461 |
|
0 |
|t Kaiju n° 8
|v 5
|
| 700 |
|
0 |
|a Matsumoto
|b Naoya
|f 1982-....
|4 70
|
| 900 |
|
|
|a Bande Dessinée enfant ado
|
| 901 |
|
|
|a Accessible au prêt
|
| 995 |
|
|
|a Bibliothèque
|c Bibliothèque
|f 024022620
|h 024022620
|k BD MAT
|o p
|q j
|r az
|e Bibliothèque
|